| 000 | 01012nam a22002537a 4500 | ||
|---|---|---|---|
| 005 | 20090825120337.0 | ||
| 008 | 090728t xxu||||| |||| 00| 0 pun d | ||
| 010 | _aPUN-6511 | ||
| 020 |
_c150.00 _a9788175380967 |
||
| 035 | _aPN-5629 | ||
| 037 | _bDBAD / PUB | ||
| 040 |
_adpl _bpn |
||
| 082 | _a851 | ||
| 100 |
_924414 _aਪ੍ਰਕਾਸ਼ |
||
| 245 |
_aਧੁੰਦ 'ਚ ਠਹਿਰੀ ਕਵਿਤਾ / _cਪ੍ਰਕਾਸ਼ |
||
| 246 |
_aDhund'ch Theri Kavita _bby Prakash |
||
| 260 |
_aਚੰਡੀਗਡ਼ _bਲੋਕਗੀਤ ਪ੍ਰਕਾਸ਼ਨ _c2010 |
||
| 270 |
_as.c.o-26-27, Sector-34-A, _bਚੰਡੀਗਡ਼ _e160022 _k01624-682954, 09781534406 |
||
| 300 | 4 |
_a103 ਸਫੇ _c22 ਸੇਮੀ (ਸਜਿਲੱਦ) |
|
| 650 |
_924412 _aਕਵਿਤਾਵਾੰ |
||
| 650 |
_aPoems _924431 |
||
| 942 |
_2ddc _cPN _h851 _mਪ੍ਕਾਸ਼ |
||
| 999 |
_c48888 _d48888 |
||